|
|
|
|
| LEADER |
00000nam1a2200000 4500 |
| 001 |
217472 |
| 005 |
20250527105845.0 |
| 035 |
|
|
|a (RuTPU)RU\TPU\book\237468
|
| 035 |
|
|
|a RU\TPU\book\92334
|
| 090 |
|
|
|a 217472
|
| 100 |
|
|
|a 20120605d2011 m y0rusy5003 ca
|
| 101 |
0 |
|
|a rus
|
| 102 |
|
|
|a RU
|
| 181 |
|
0 |
|a i
|
| 182 |
|
0 |
|a b
|
| 200 |
1 |
|
|a Теория автоматического управления
|e лабораторный практикум
|f А. П. Зайцев, А. Д. Митаенко, К. В. Образцов
|g Национальный исследовательский Томский политехнический университет (ТПУ)
|
| 203 |
|
|
|a Текст
|c электронный
|
| 210 |
|
|
|a Томск
|c Изд-во ТПУ
|d 2011
|
| 801 |
|
0 |
|a RU
|b RuMRKP
|c 19950704
|g psbo
|
| 801 |
|
1 |
|a RU
|b 63413507
|c 20051121
|g PSBO
|
| 801 |
|
2 |
|a RU
|b 63413507
|c 20130413
|g PSBO
|
| 850 |
|
|
|a 63413507
|
| 942 |
|
|
|c CF
|